La seducción y el oficio (Record no. 799)

MARC details
000 -CABECERA
campo de control de longitud fija 00899nam a2200265 a 4500
001 - NÚMERO DE CONTROL
campo de control BRCA_906
005 - FECHA Y HORA DE LA ÚLTIMA TRANSACCIÓN
campo de control 20190320203212.0
008 - DATOS DE LONGITUD FIJA--INFORMACIÓN GENERAL
campo de control de longitud fija 070810s2005 cu-a---###---#000-0#spa-c
020 ## - NÚMERO INTERNACIONAL ESTÁNDAR DEL LIBRO
Número Internacional Estándar del Libro 9597178095
040 ## - FUENTE DE LA CATALOGACIÓN
Centro catalogador/agencia de origen PL#
Centro/agencia transcriptor PL#
Centro/agencia modificador FUG
041 ## - CÓDIGO DE LENGUA
Código de lengua del texto/banda sonora o título independiente spa
Código de lengua original eng
050 #4 - SIGNATURA TOPOGRÁFICA DE LA BIBLIOTECA DEL CONGRESO
Número de clasificación N6603
Número de documento/Ítem .R34 2005
100 1# - ENTRADA PRINCIPAL--NOMBRE DE PERSONA
Nombre de persona Rafart, José Carlos
9 (RLIN) 3005
245 10 - MENCIÓN DE TÍTULO
Título La seducción y el oficio
Resto del título orfebrería y escultura = Seduction and Craft : Craft Jewellery and Sculpture
Mención de responsabilidad, etc. José Carlos Rafart.
260 ## - PUBLICACIÓN, DISTRIBUCIÓN, ETC.
Lugar de publicación, distribución, etc. La Habana, Cuba
Nombre del editor, distribuidor, etc. Arte Cubano
Fecha de publicación, distribución, etc. 2005
300 ## - DESCRIPCIÓN FÍSICA
Extensión 100 p.
Otras características físicas il. a color
Dimensiones 28 cm.
504 ## - NOTA DE BIBLIOGRAFÍA, ETC.
Nota de bibliografía, etc. Bibliografía : p. 97-98
546 ## - NOTA DE LENGUA/LENGUAJE
Nota de lengua/lenguaje Texto en : español e inglés
650 14 - PUNTO DE ACCESO ADICIONAL DE MATERIA--TÉRMINO DE MATERIA
Término de materia o nombre geográfico como elemento de entrada Arte Cubano
Subdivisión de forma Exposiciones
Subdivisión geográfica Cuba
9 (RLIN) 3006
650 14 - PUNTO DE ACCESO ADICIONAL DE MATERIA--TÉRMINO DE MATERIA
Término de materia o nombre geográfico como elemento de entrada Joyería
Subdivisión de forma Exposiciones
Subdivisión geográfica Cuba
9 (RLIN) 3007
650 14 - PUNTO DE ACCESO ADICIONAL DE MATERIA--TÉRMINO DE MATERIA
Término de materia o nombre geográfico como elemento de entrada Escultura
Subdivisión de forma Exposiciones
Subdivisión geográfica Cuba
9 (RLIN) 3008
740 0# - PUNTO DE ACCESO ADICIONAL--TÍTULO RELACIONADO O ANALÍTICO NO CONTROLADO
Título relacionado o analítico no controlado Seduction and Craft
740 0# - PUNTO DE ACCESO ADICIONAL--TÍTULO RELACIONADO O ANALÍTICO NO CONTROLADO
Título relacionado o analítico no controlado Craft Jewellery and Sculpture
942 ## - ELEMENTOS DE PUNTO DE ACCESO ADICIONAL (KOHA)
Fuente del sistema de clasificación o colocación Library of Congress Classification
Tipo de ítem Koha Libros
Holdings
Estado de retiro Estado de pérdida Estado dañado No para préstamo Localización permanente Ubicación/localización actual Fecha de adquisición Total de préstamos Signatura topográfica completa Código de barras Fecha visto por última vez Precio válido a partir de Tipo de ítem Koha
El ejemplar forma parte de la colección y puede ser consultado según las políticas vigentes.       Biblioteca del Museo Franz Mayer (Rogerio Casas-Alatriste) Biblioteca del Museo Franz Mayer (Rogerio Casas-Alatriste) 26/06/2008   N6603 .R34 2005 01379 22/03/2019 22/03/2019 Libros